[Event "Christmas Tournament Bonanza KO"]
[Site "SchemingMind.com"]
[Date "2007.02.04"]
[Round "-"]
[White "rampichino"]
[Black "francisco"]
[Result "0-1"]
[WhiteCountry "ITA"]
[BlackCountry "ESP"]
[WhiteElo "1482"]
[WhiteRD "68"]
[BlackElo "1637"]
[BlackRD "77"]
[GameID "89387"]

1. e4 e6 2. d4 d5 3. e5 c5 4. c3 Nc6 5. Nf3 Nh6 6. Bxh6 gxh6 7. Nbd2 cxd4 8. cxd4 Bb4 9. a3 Be7 10. Qb3 Bg5
11. Bb5 Qb6 12. Bxc6+ bxc6 13. Qxb6 axb6 14. Nxg5 hxg5 15. Rc1 Bb7 16. Nb3 Kd7 17. Rc2 Ba6 18. Kd2 Bc4 19. Kc3 Bxb3 20. Kxb3 Rac8
21. Rhc1 Rhf8 22. Ka2 f6 23. b4 fxe5 24. dxe5 c5 25. bxc5 bxc5 26. a4 Rf4 27. a5 Ra4+ 28. Kb3 Rxa5 29. Rc3 Rb8+ 30. Kc2 Ra2+
31. Kd3 c4+ 32. Ke3 Rbb2
0-1

[Event "Christmas Tournament Bonanza KO"]
[Site "SchemingMind.com"]
[Date "2007.02.03"]
[Round "-"]
[White "egis"]
[Black "Orhany24"]
[Result "1-0"]
[WhiteCountry "LTU"]
[BlackCountry "TUR"]
[WhiteElo "1963"]
[WhiteRD "84"]
[BlackElo "1809"]
[BlackRD "66"]
[GameID "89388"]

1. d4 d5 2. e3 e5 3. dxe5 a6 4. Nf3 c5 5. Be2 Nc6 6. O-O g6 7. Nc3 Be6 8. Bd2 Bg7 9. b3 Nxe5 10. Nxe5 Bxe5
11. Na4 Rc8 12. Bc3 Bxc3 13. Nxc3 Ne7 14. Na4 b5 15. Nc3 O-O 16. Qd2 Qb6 17. a4 b4 18. Na2 Rfd8 19. Bf3 a5 20. Nc1 c4
21. Ne2 Nf5 22. Nd4 Nxd4 23. exd4 cxb3 24. cxb3 Rc3 25. Rab1 Bf5 26. Rb2 Rd3 27. Qg5 f6 28. Qc1 Rxd4 29. Qe3 Rb8 30. Rc1 Rd3
31. Qxb6 Rxb6 32. Rc5 Rc3 33. Rxd5 Be4 34. Rd8+ Kg7 35. Rd7+ Kh6 36. Bd1 Rc1 37. Re2 Bf5 38. Rd4 Re6 39. Kf1 Rxe2 40. Kxe2 Bc2
41. Bxc2 Rxc2+ 42. Rd2 Rc3 43. Rd3 Rc5 44. f4 g5 45. Kf3 Kg6 46. g4 gxf4 47. Kxf4 h5 48. h3 hxg4 49. hxg4 Rg5 50. Rd8 Kg7
51. Rd7+ Kg6 52. Rd3 Rc5 53. Rh3 Rc3 54. Rxc3 bxc3 55. Ke3 Kg5 56. b4
1-0

[Event "Christmas Tournament Bonanza KO"]
[Site "SchemingMind.com"]
[Date "2007.02.11"]
[Round "-"]
[White "Cruyce"]
[Black "Collecta"]
[Result "1-0"]
[WhiteCountry "BEL"]
[BlackCountry "BRA"]
[WhiteElo "2106"]
[WhiteRD "73"]
[BlackElo "1767"]
[BlackRD "146"]
[GameID "91510"]

1. d4 Nf6 2. Nf3 e6 3. e3 c5 4. Bd3 Nc6 5. c3 b6 6. O-O d5 7. Nbd2 Bb7 8. Qe2 Bd6 9. dxc5 Bxc5 10. e4 dxe4
11. Nxe4 O-O 12. Rd1 Nxe4 13. Qxe4 g6 14. Bg5 Qc7 15. Qh4 Ne7 16. Bf6 Bxf3 17. Qh6
1-0

[Event "Christmas Tournament Bonanza KO"]
[Site "SchemingMind.com"]
[Date "2007.02.11"]
[Round "-"]
[White "Collecta"]
[Black "Cruyce"]
[Result "0-1"]
[WhiteCountry "BRA"]
[BlackCountry "BEL"]
[WhiteElo "1753"]
[WhiteRD "144"]
[BlackElo "2127"]
[BlackRD "76"]
[GameID "91519"]

1. e4 c5 2. d4 cxd4 3. Qxd4 Nc6 4. Qd1 Nf6 5. Bd3 d5 6. exd5 Qxd5 7. Nf3 Bg4 8. Nc3 Qh5 9. Be2 Rd8 10. Bd2 e6
11. O-O Bd6 12. h3 Bxf3 13. Bxf3 Qe5 14. Re1 Qh2+ 15. Kf1 Qh1+ 16. Ke2 Nd4+ 17. Kd3 Qh2 18. Bxb7 Be7 19. Ke3 Qe5+ 20. Ne4 Nxe4
21. Bxe4 Bg5+ 22. f4 Qxf4+
0-1

[Event "Christmas Tournament Bonanza KO"]
[Site "SchemingMind.com"]
[Date "2007.02.24"]
[Round "-"]
[White "alejandroales"]
[Black "Mariazb"]
[Result "0-1"]
[WhiteCountry "ARG"]
[BlackCountry "ARG"]
[WhiteElo "1741"]
[WhiteRD "80"]
[BlackElo "2267"]
[BlackRD "65"]
[GameID "92939"]

1. d4 Nf6 2. c4 g6 3. Nc3 Bg7 4. e4 d6 5. Nf3 O-O 6. Be3 Ng4 7. Bg5 h6 8. Bh4 c5 9. Be2 cxd4 10. Nxd4 Bxd4
11. Qxd4 e5 12. Bxd8 exd4 13. Be7 dxc3 14. Bxf8 cxb2 15. Rb1 Kxf8 16. Rxb2 Nf6 17. f3 Ke7 18. Kf2 Nbd7 19. Rd1 Nc5 20. Rbd2 Bd7
21. g4 Rc8 22. h4 Nfxe4+ 23. fxe4 Nxe4+ 24. Ke3 Nxd2 25. Rxd2 Rc5 26. Kd4 Be6 27. g5 hxg5 28. hxg5 Rxg5
0-1

[Event "Christmas Tournament Bonanza KO"]
[Site "SchemingMind.com"]
[Date "2007.02.24"]
[Round "-"]
[White "Mariazb"]
[Black "alejandroales"]
[Result "1-0"]
[WhiteCountry "ARG"]
[BlackCountry "ARG"]
[WhiteElo "2267"]
[WhiteRD "65"]
[BlackElo "1741"]
[BlackRD "80"]
[GameID "92945"]

1. e4 c5 2. Nf3 d6 3. d4 cxd4 4. Nxd4 Nf6 5. Nc3 e6 6. Be2 a6 7. O-O Be7 8. Qd3 Nbd7 9. Qg3 Qc7 10. Qxg7 Rg8
11. Qh6 b5 12. a3 Bb7 13. f3 Ne5 14. Be3 Rg6 15. Qh3 O-O-O 16. Rae1 Rdg8 17. Rf2 Nfd7 18. Kh1 Nc5 19. Nd5 Bxd5 20. exd5 Qa5
21. Rff1 b4 22. axb4 Qxb4 23. f4 Ng4 24. Nc6 Qb7 25. Bxc5 dxc5 26. Bxa6
1-0

[Event "Christmas Tournament Bonanza KO"]
[Site "SchemingMind.com"]
[Date "2007.02.20"]
[Round "-"]
[White "Ilang"]
[Black "Sjakkie"]
[Result "1-0"]
[WhiteCountry "HUN"]
[BlackCountry "NED"]
[WhiteElo "2236"]
[WhiteRD "70"]
[BlackElo "1350"]
[BlackRD "86"]
[GameID "93119"]

1. e4 e5 2. Nf3 Nc6 3. Bb5 d6 4. O-O Bd7 5. c3 Nf6 6. Re1 a6 7. Ba4 b5 8. Bc2 h6 9. d4 d5 10. dxe5 dxe4
11. exf6 Qxf6 12. Nbd2 Be7 13. Nxe4 Qe6 14. Nc5 Qg4 15. h3 Qc4 16. Qxd7+ Kf8 17. Qxc6 Bd6 18. Qxa8#
1-0

[Event "Christmas Tournament Bonanza KO"]
[Site "SchemingMind.com"]
[Date "2007.02.20"]
[Round "-"]
[White "Sjakkie"]
[Black "Ilang"]
[Result "0-1"]
[WhiteCountry "NED"]
[BlackCountry "HUN"]
[WhiteElo "1364"]
[WhiteRD "84"]
[BlackElo "2209"]
[BlackRD "66"]
[GameID "93125"]

1. e4 e5 2. Nf3 Nc6 3. d4 exd4 4. Nxd4 Bc5 5. Be3 Qf6 6. c3 Qg6 7. f3 a6 8. Qb3 Nge7 9. Nd2 d6 10. O-O-O O-O
11. g3 Qf6 12. Bg2 Nxd4 13. cxd4 Bxd4 14. Nc4 Bxe3+ 15. Nd2 Bd4 16. Nc4 Be6 17. Bf1 Nc6 18. Be2 b5 19. a3 bxc4 20. Bxc4 Rab8
21. Qa4 Be3+ 22. Kb1 Qxb2#
0-1

[Event "Christmas Tournament Bonanza KO"]
[Site "SchemingMind.com"]
[Date "2007.04.12"]
[Round "-"]
[White "Mariazb"]
[Black "Cruyce"]
[Result "0-1"]
[WhiteCountry "ARG"]
[BlackCountry "BEL"]
[WhiteElo "2325"]
[WhiteRD "72"]
[BlackElo "2166"]
[BlackRD "74"]
[GameID "100106"]

1. d4 d5 2. c4 e6 3. Nc3 c6 4. e4 dxe4 5. Nxe4 Bb4+ 6. Bd2 Qxd4 7. Bxb4 Qxe4+ 8. Be2 Na6 9. Bd6 Qxg2 10. Qd2 Nf6
11. Bf3 Qg6 12. Ne2 e5 13. O-O-O Bg4 14. Rhg1 O-O-O 15. Qe3 h5 16. h3 Rxd6 17. Rxd6 Nb4 18. Bxg4+ hxg4 19. Qb3 a5 20. hxg4 Qg5+
21. Qe3 Qxe3+ 22. fxe3 Ne4 23. Rdd1 Rh2 24. a3 Na2+ 25. Kb1 Rxe2 26. Rde1 Nac3+ 27. bxc3 Nxc3+ 28. Kc1 Ra2 29. Rh1 Ne4 30. Kb1 Rxa3
31. Kb2 Ra4 32. Rh7 Rxc4 33. Rxg7 Nd6 34. g5 Rg4 35. Rf1 Rg2+ 36. Kc1 Kd7 37. g6 Rxg6 38. Rfxf7+ Nxf7 39. Rxg6 c5 40. e4 b5
41. Ra6 a4 42. Ra7+ Ke6 43. Rc7 c4 44. Rc6+ Nd6 45. Kb2 Kd7 46. Rc5 b4 47. Rxe5 Kc6 48. Re6 c3+ 49. Kc2 Kc5 50. Kd3 a3
51. Re5+ Kc6 52. Rh5 Nxe4 53. Ra5 Kb6
0-1

[Event "Christmas Tournament Bonanza KO"]
[Site "SchemingMind.com"]
[Date "2007.04.12"]
[Round "-"]
[White "Cruyce"]
[Black "Mariazb"]
[Result "0-1"]
[WhiteCountry "BEL"]
[BlackCountry "ARG"]
[WhiteElo "2166"]
[WhiteRD "74"]
[BlackElo "2325"]
[BlackRD "72"]
[GameID "100117"]

1. d4 g6 2. Nf3 Nf6 3. g3 Bg7 4. Bg2 O-O 5. O-O d6 6. c4 Nc6 7. Nc3 a6 8. d5 Na5 9. Nd2 c5 10. Qc2 Rb8
11. b3 b5 12. Bb2 e5 13. Rab1 Ng4 14. h3 Nh6 15. e3 f5 16. Ne2= Nf7 17. a3 Bd7 18. Rfc1 Bf6 19. h4 Nh6 20. b4 cxb4
21. c5 dxc5 22. Qxc5 b3 23. Bc3 Nb7 24. Qb4 Ng4 25. Qxb3 Nc5 26. Qc2 Rc8 27. Bf3 Rf7 28. Nb3 Be7 29. Nxc5 Bxc5 30. Qa2 f4
31. exf4 exf4 32. Nxf4 Bxf2+ 33. Kg2 Rxf4 34. d6+ Rf7 35. Bd2 Qf6 36. Bd5 Rf8 37. Bf4 Qf5 38. Rb2 Ne3+ 39. Kxf2 Nxd5 40. Rc5 Be6
41. Re2 Qg4
0-1

[Event "Christmas Tournament Bonanza KO"]
[Site "SchemingMind.com"]
[Date "2007.05.10"]
[Round "-"]
[White "kisei"]
[Black "egis"]
[Result "1-0"]
[WhiteCountry "HUN"]
[BlackCountry "LTU"]
[WhiteElo "1936"]
[WhiteRD "93"]
[BlackElo "1996"]
[BlackRD "78"]
[GameID "104423"]

1. e4 c5 2. Nf3 Nc6 3. d4 cxd4 4. Nxd4 Qa5+ 5. Nc3 Nxd4 6. Qxd4 e6 7. Bd2 Qc5 8. Be3 Qc6 9. Bb5 Qc7 10. Rd1 Be7
11. Qxg7 Bf6 12. Qg3 Be5 13. f4 Bxc3+ 14. bxc3 Ne7 15. O-O Ng6 16. Qf2 f6 17. f5 exf5 18. exf5 Ne5 19. Qg3 Kf7 20. Ba4 Qxc3
21. Bb3+ Ke8 22. Rfe1 Rf8 23. Qh4 Qc6 24. Rd5 Kd8 25. Bc5 Rf7 26. Rexe5 b6 27. Rd6 Rb8 28. Re8+ Kc7 29. Rxc6+ dxc6 30. Bd6+ Kb7
31. Bxf7 a5 32. Qa4 Ka6 33. Qxc6 Rb7 34. Qxc8 h5 35. Bc4+ b5 36. Qc6+
1-0

[Event "Christmas Tournament Bonanza KO"]
[Site "SchemingMind.com"]
[Date "2007.05.11"]
[Round "-"]
[White "egis"]
[Black "kisei"]
[Result "1/2-1/2"]
[WhiteCountry "LTU"]
[BlackCountry "HUN"]
[WhiteElo "1998"]
[WhiteRD "75"]
[BlackElo "2034"]
[BlackRD "71"]
[GameID "104428"]

1. e4 e5 2. Nf3 Nc6 3. d4 exd4 4. Nxd4 Bc5 5. Nf5 d5 6. exd5 Bxf5 7. Qe2+ Nce7 8. Qb5+ c6 9. Qxc5 Qxd5 10. Qe3 Bxc2
11. Nc3 Qd6 12. Be2 Nf6 13. O-O O-O 14. b3 Rfe8 15. Qf3 Nf5 16. Bf4 Qb4 17. Rfe1 Nd4 18. Qg3 Rad8 19. Bc4 Nf5 20. Qf3 b5
21. Bf1 Nh4 22. Qg3 Nh5 23. Qxh4 Nxf4 24. Qg3 Qd6 25. Qf3 Ne6 26. Qe2 Bg6 27. Rad1 Qc5 28. Ne4 Qe7 29. f3 a5 30. a4 Rxd1
31. Rxd1 bxa4 32. bxa4 Rd8 33. Nf2 Rxd1 34. Qxd1 Qc5 35. Bd3 Bxd3 36. Qxd3 Qb4 37. Qd1 c5 38. Ne4 c4 39. Qa1 f5 40. Nc3 Qc5+
41. Kf1 Nf4 42. Qe1 Kf8 43. Qd2 Nd3 44. g3 g5 45. h4 Qc6 46. Qxg5 Qxf3+ 47. Kg1 Kf7 48. Nb5 c3 49. Nxc3 h6 50. Qd2 Qxg3+
51. Kf1 Qf3+ 52. Kg1 f4 53. Qa2+ Kf6 54. Qd2 Kf5 55. Nd1 Qg3+ 56. Kf1 Kg4 57. h5 Qh3+ 58. Kg1 Kh4 59. Nb2 Qg3+ 60. Kf1 Ne5
61. Qe1 f3 62. Qxg3+ Kxg3 63. Nd1 Ng4 64. Ke1 Kg2 65. Kd2 f2 66. Nxf2 Nxf2 67. Kc3 Ng4 68. Kc4 Nf6 69. Kb5 Nxh5=
1/2-1/2

[Event "Christmas Tournament Bonanza KO"]
[Site "SchemingMind.com"]
[Date "2007.05.12"]
[Round "-"]
[White "Ilang"]
[Black "macb4"]
[Result "1/2-1/2"]
[WhiteCountry "HUN"]
[BlackCountry "NED"]
[WhiteElo "2206"]
[WhiteRD "75"]
[BlackElo "2185"]
[BlackRD "85"]
[GameID "104896"]

1. e4 d6 2. d4 Nf6 3. Nc3 g6 4. Bg5 Bg7 5. Qd2 h6 6. Bh4 g5 7. Bg3 Nh5 8. O-O-O Nc6 9. Nge2 Bd7 10. Kb1 e6
11. d5 Ne7 12. f3 exd5 13. exd5 Nxg3 14. Nxg3 Be5 15. Nh5 Nf5 16. g3 Rg8 17. Re1 Kf8 18. Ne4 Ng7 19. Nxg7 Rxg7 20. h4 f5
21. hxg5 fxe4 22. f4 Rg6 23. fxe5 Qxg5 24. Qxg5 Rxg5 25. e6 Be8 26. Rxh6 Kg7 27. Rh4 Rxd5 28. Rhxe4 Rg5 29. R4e3 Kf6 30. Bg2 c6
31. Rb3 Rb8 32. Kc1 Re5 33. Rxe5 dxe5 34. Bh3 Bg6 35. Bg4 b6 36. Ra3 a5 37. c4 c5 38. Rb3 Ke7 39. Re3 Rd8 40. Rxe5 Rd3
41. Bf5=
1/2-1/2

[Event "Christmas Tournament Bonanza KO"]
[Site "SchemingMind.com"]
[Date "2007.05.12"]
[Round "-"]
[White "macb4"]
[Black "Ilang"]
[Result "1/2-1/2"]
[WhiteCountry "NED"]
[BlackCountry "HUN"]
[WhiteElo "2185"]
[WhiteRD "85"]
[BlackElo "2206"]
[BlackRD "75"]
[GameID "104902"]

1. e4 e5 2. Nf3 Nc6 3. Bb5 a6 4. Ba4 Nf6 5. Qe2 Be7 6. c3 b5 7. Bb3 O-O 8. O-O d5 9. d3 Re8 10. Re1 h6
11. Nbd2 Be6 12. a4 b4 13. a5 dxe4 14. dxe4 Bxb3 15. Nxb3 Qb8 16. Qc4 bxc3 17. bxc3 Qb7 18. Ba3 Bxa3 19. Rxa3 Reb8 20. Qc5 Ne8
21. Nxe5 Nxe5 22. Qxe5 Nd6 23. Nc5 Qc6 24. Qd5 Qxd5 25. exd5 Rb5 26. Nd3 Rxd5 27. Nb4 Rc5 28. g3 Nb5 29. Rb3 Nxc3 30. Re7 Nb5
31. Rd3 Rc4 32. Nd5 Kf8 33. Rd7 Re8 34. Kg2 Kg8 35. Rf3 Rf8 36. Rf5 f6=
1/2-1/2

[Event "Christmas Tournament Bonanza KO"]
[Site "SchemingMind.com"]
[Date "2007.05.28"]
[Round "-"]
[White "francisco"]
[Black "griffimv"]
[Result "0-1"]
[WhiteCountry "ESP"]
[BlackCountry "INT"]
[WhiteElo "1673"]
[WhiteRD "80"]
[BlackElo "2370"]
[BlackRD "81"]
[GameID "107070"]

1. e4 c5 2. f4 e6 3. Nf3 d5 4. e5 Nc6 5. d4 Qb6 6. c3 Nh6 7. Bd3 Bd7 8. O-O cxd4 9. Qc2 dxc3+ 10. Kh1 Nb4
11. Qxc3 Rc8 12. Qd4 Qxd4 13. Nxd4 Nxd3
0-1

[Event "Christmas Tournament Bonanza KO"]
[Site "SchemingMind.com"]
[Date "2007.05.28"]
[Round "-"]
[White "griffimv"]
[Black "francisco"]
[Result "1-0"]
[WhiteCountry "INT"]
[BlackCountry "ESP"]
[WhiteElo "2370"]
[WhiteRD "81"]
[BlackElo "1673"]
[BlackRD "80"]
[GameID "107075"]

1. e4 e6 2. d4 d5 3. Nc3 Bb4 4. e5 c5 5. a3 Bxc3+ 6. bxc3 Ne7 7. Qg4 Qa5 8. Bd2 O-O 9. Bd3 Ng6 10. Nf3 Nc6
11. O-O f5 12. exf6 Rxf6 13. dxc5 Qxc5 14. Qh5
1-0

[Event "Christmas Tournament Bonanza KO"]
[Site "SchemingMind.com"]
[Date "2007.08.24"]
[Round "-"]
[White "Cruyce"]
[Black "Ilang"]
[Result "1/2-1/2"]
[WhiteCountry "BEL"]
[BlackCountry "HUN"]
[WhiteElo "2167"]
[WhiteRD "75"]
[BlackElo "2224"]
[BlackRD "76"]
[GameID "117834"]

1. d4 d5 2. c4 c6 3. Nf3 Nf6 4. Nc3 e6 5. Bg5 h6 6. Bh4 dxc4 7. e4 g5 8. Bg3 b5 9. Be2 Nbd7 10. d5 Bb7
11. dxe6 fxe6 12. O-O Nc5 13. Qc2 Qe7 14. Ne5 Qh7 15. b4 Na6 16. a3 O-O-O 17. Rad1 Be7 18. Qc1 h5 19. h3 h4 20. Bh2 Nc7=
21. Qe3 Kb8 22. Nf3 Nh5 23. Be5 Nf4 24. a4 Nxe2+ 25. Nxe2 g4 26. hxg4 h3 27. Rxd8+ Rxd8 28. Qf4 hxg2 29. Kxg2 Rf8 30. Bxc7+ Kc8
31. Qe5 Bf6 32. Qd6 Be7 33. Qg3 Qxe4 34. Ba5 Bd6 35. Qxd6 Qxf3+ 36. Kg1 Qxg4+ 37. Ng3 Qf4 38. Qxe6+ Kb8 39. axb5 cxb5 40. Qe3 Qf7
41. Re1 Ka8 42. Re2=
1/2-1/2

[Event "Christmas Tournament Bonanza KO"]
[Site "SchemingMind.com"]
[Date "2007.11.10"]
[Round "-"]
[White "griffimv"]
[Black "kisei"]
[Result "1-0"]
[WhiteCountry "INT"]
[BlackCountry "HUN"]
[WhiteElo "2336"]
[WhiteRD "78"]
[BlackElo "2093"]
[BlackRD "72"]
[GameID "127704"]

1. e4 c5 2. Nf3 d6 3. d4 cxd4 4. Nxd4 Nf6 5. Nc3 e5 6. Nb3 a6 7. Be2 Be7 8. O-O O-O 9. Kh1 Nc6 10. Be3 Be6
11. Qd2 b5 12. f3 d5 13. exd5 Nxd5 14. Nxd5 Qxd5 15. Qxd5 Bxd5 16. c3 Rfd8 17. Rfd1 Rac8 18. Nc5 Bxc5 19. Bxc5 Bc4 20. Bxc4 bxc4
21. Kg1 Rd3 22. Rxd3 cxd3 23. Rd1 Rd8 24. Kf2 f5 25. Ke3 f4+ 26. Kd2 Rd5 27. Bf2 Rd6 28. c4 Rg6 29. Rg1 Rh6 30. h3 Kf7
31. Kxd3 Rd6+ 32. Kc3 a5 33. Bc5 Rg6 34. Kd3 Ke6 35. Ke4 Nd8 36. b3 Nb7 37. Bf8 Nd6+ 38. Bxd6 Kxd6 39. Rd1+ Kc5 40. Rd5+ Kb4
41. Rb5+
1-0

[Event "Christmas Tournament Bonanza KO"]
[Site "SchemingMind.com"]
[Date "2007.11.10"]
[Round "-"]
[White "kisei"]
[Black "griffimv"]
[Result "1/2-1/2"]
[WhiteCountry "HUN"]
[BlackCountry "INT"]
[WhiteElo "2093"]
[WhiteRD "72"]
[BlackElo "2336"]
[BlackRD "78"]
[GameID "127708"]

1. e4 c5 2. Nf3 d6 3. d4 cxd4 4. Nxd4 Nf6 5. Nc3 a6 6. Be3 e5 7. Nb3 Be6 8. f3 Be7 9. Qd2 O-O 10. O-O-O Nbd7
11. g4 b5 12. g5 b4 13. Ne2 Ne8 14. h4 a5 15. Kb1 a4 16. Nbc1 Nb6 17. Ng3 d5 18. Bxb6 Qxb6 19. exd5 Rd8 20. Bc4 Nc7
21. dxe6 Rxd2 22. exf7+ Kh8 23. Rxd2 Qc6 24. b3 axb3 25. axb3 Nb5 26. Bxb5 Qxb5 27. Nf5 Rxf7 28. Nxe7 Rxe7 29. Rd8+ Re8 30. Rxe8+ Qxe8
31. Nd3 Kg8 32. Re1 Qh5 33. Rxe5 Qxh4 34. Rb5 Qg3 35. f4 Qg1+ 36. Kb2 Qd4+ 37. Kb1=
1/2-1/2

[Event "Christmas Tournament Bonanza KO"]
[Site "SchemingMind.com"]
[Date "2008.02.16"]
[Round "-"]
[White "griffimv"]
[Black "Ilang"]
[Result "1/2-1/2"]
[WhiteCountry "INT"]
[BlackCountry "HUN"]
[WhiteElo "2346"]
[WhiteRD "84"]
[BlackElo "2311"]
[BlackRD "81"]
[GameID "141351"]

1. e4 e5 2. Nf3 Nc6 3. Bb5 a6 4. Ba4 Nf6 5. O-O Be7 6. Re1 b5 7. Bb3 d6 8. c3 O-O 9. h3 Na5 10. Bc2 c5
11. d4 Qc7 12. Nbd2 cxd4 13. cxd4 Nc6 14. Nb3 a5 15. Be3 a4 16. Nbd2 Bd7 17. Rc1 Rac8 18. Nf1 Qb8 19. Ng3 Rfe8 20. Bb1 Bd8
21. d5 Ne7 22. Qd2 Ng6= 23. Bd3 Rxc1 24. Rxc1 h6 25. Qb4 Bb6 26. Bxb6 Qxb6 27. Ne2 Nh5 28. g3 Rb8 29. Nd2 Ne7 30. Kg2 f5
31. exf5 Nxd5 32. Qg4 Nhf6 33. Qf3 Ne7 34. g4 Bc6 35. Ne4 Nd7 36. Bb1 d5 37. N4g3 Nf6 38. h4 d4 39. Ne4 Rf8 40. Nxf6+ Rxf6
41. Be4 b4 42. Ng3 Ng6 43. Bd5+ Kf8 44. Kg1 Ne7 45. Be4 b3 46. axb3 Qxb3 47. Qxb3 axb3 48. Rc5 Bxe4 49. Nxe4 Rc6 50. Rb5 Rc1+
51. Kg2 h5 52. Rb8+ Rc8= 53. Rxc8+ Nxc8 54. gxh5 Nb6 55. Nd2 Kf7 56. Kf3 Na4 57. Ke4 Nxb2 58. Nxb3 d3 59. Nd2 Kf6 60. f4 exf4
61. Kxf4 Ke7 62. Ke5 Kf7 63. Kd5 Kf6 64. Ke4 Nd1 65. Nc4 Nc3+ 66. Kxd3 Kxf5 67. Ne3+=
1/2-1/2

[Event "Christmas Tournament Bonanza KO"]
[Site "SchemingMind.com"]
[Date "2008.02.16"]
[Round "-"]
[White "Ilang"]
[Black "griffimv"]
[Result "1/2-1/2"]
[WhiteCountry "HUN"]
[BlackCountry "INT"]
[WhiteElo "2313"]
[WhiteRD "74"]
[BlackElo "2351"]
[BlackRD "80"]
[GameID "141363"]

1. e4 c5 2. c3 Nf6 3. e5 Nd5 4. Nf3 Nc6 5. Bc4 Nb6 6. Bb3 c4 7. Bc2 Qc7 8. Qe2 g5 9. h3 Bg7 10. O-O Nxe5
11. Nxg5 d5 12. a4 Bd7 13. Re1 e6 14. a5 Nc8 15. d4 cxd3 16. Bxd3 h6 17. Nf3 Nxd3 18. Qxd3= Ne7 19. a6 b6 20. Qe2 O-O
21. Na3 Rac8 22. g3 Ng6 23. Nh2 Qe5 24. Qxe5 Nxe5 25. Bxh6 Nd3 26. Bxg7 Kxg7 27. Re2 e5 28. Nf3 f6 29. Kg2 Rfd8 30. Rd1 Nc5
31. Nc2 Ba4 32. Ra1 Bb5 33. Re3 Nb3 34. Rd1 Bxa6 35. h4 Bb7 36. Ncd4 Nxd4 37. Nxd4 Kg6 38. Nf3 Rc4 39. Ne1 d4+ 40. f3 a5
41. Red3 Ba6 42. g4 Rcc8 43. R3d2 Bc4 44. cxd4 Bb3 45. Ra1 Rxd4 46. Rxd4 exd4 47. Kf2 Kh6 48. f4 a4 49. Ke2 Rg8 50. g5+ fxg5
51. hxg5+ Kg6 52. Kd3 Kf5 53. Nc2 Rd8 54. Nxd4+ Kxf4 55. Kc3 Rc8+ 56. Kd2 Kxg5 57. Nxb3 axb3 58. Rc1 Rd8+=
1/2-1/2